Michael Jackson Studio Albums - Sudden Death - Statistics

General Stats
  • This quiz has been taken 547 times
  • The average score is 3 of 10
Answers on the Grid
Answers color-coded by a green-red scale on the quiz's grid according to % correct below.
Thriller
Moonwalker
King of Pop
Forever, Michael
HIStory: Past, Present and Future, Book I
The Wiz
Bad
Xscape
Ben
Scream
Dangerous
Invincible
Michael
Music & Me
This Is It
Off the Wall
Captain EO
MJ & Friends
One Day in Your Life
Got to Be There
 
Answer Stats
Answer % Correct
Thriller
96%
HIStory: Past, Present and Future, Book I
50%
Bad
49%
Forever, Michael
30%
Off the Wall
27%
Ben
22%
Dangerous
22%
Invincible
18%
Music & Me
9%
Got to Be There
6%
No matching quizzes found
Score Distribution
Percent of People with Each Score
Percentile by Number Answered
Your Score History
You have not taken this quiz